טוען...
Ancient India 2000 BC - 800 A D
| מחבר ראשי: | |
|---|---|
| פורמט: | Printed Book |
| יצא לאור: |
New Delhi
Abhijeet Pubs
2013
|
| נושאים: |
| LEADER | 00495nam a22001457a 4500 | ||
|---|---|---|---|
| 020 | |a 9789350740927 | ||
| 082 | |a 954.01 ROM/A | ||
| 100 | |a Romesh Chunder Dutt | ||
| 245 | |a Ancient India 2000 BC - 800 A D | ||
| 260 | |a New Delhi |b Abhijeet Pubs |c 2013 | ||
| 300 | |a 198 | ||
| 650 | |a HIstory - India , Vedic age, Budhist age, Puranic age | ||
| 942 | |c BK | ||
| 999 | |c 136018 |d 136014 | ||
| 952 | |0 0 |1 0 |4 0 |6 954_010000000000000_ROM_A |7 0 |9 134869 |a SCP |b SCP |d 2015-08-03 |l 0 |o 954.01 ROM/A |p SCP06654 |r 2015-08-03 |w 2015-08-03 |y BK | ||